HOW TO WRITE THESIS AND THESIS PROTOCOL: A PRIMER FOR MEDICAL, DENTAL, AND NURSING COURSES (Record no. 216904)

MARC details
000 -LEADER
fixed length control field 00455nam a22001457a 4500
008 - FIXED-LENGTH DATA ELEMENTS--GENERAL INFORMATION
fixed length control field 260331b |||||||| |||| 00| 0 eng d
020 ## - INTERNATIONAL STANDARD BOOK NUMBER
International Standard Book Number 978-93-90020-71-3
050 ## - LIBRARY OF CONGRESS CALL NUMBER
Classification number R 119 .H69 2021
100 ## - MAIN ENTRY--PERSONAL NAME
Personal name PIYUSH GUPTA
245 ## - TITLE STATEMENT
Title HOW TO WRITE THESIS AND THESIS PROTOCOL: A PRIMER FOR MEDICAL, DENTAL, AND NURSING COURSES
260 ## - PUBLICATION, DISTRIBUTION, ETC.
Place of publication, distribution, etc. NEW DELHI
Name of publisher, distributor, etc. JAYPEE BROTHERS MEDICAL PUBLISHERS
Date of publication, distribution, etc. 2021
300 ## - PHYSICAL DESCRIPTION
Extent X,218
942 ## - ADDED ENTRY ELEMENTS (KOHA)
Source of classification or shelving scheme Library of Congress Classification
Koha item type Long Loan Book
Holdings
Withdrawn status Lost status Source of classification or shelving scheme Damaged status Not for loan Collection Home library Current library Shelving location Date acquired Inventory number Total checkouts Full call number Barcode Date last seen Copy number Price effective from Koha item type
    Library of Congress Classification     Arts & Social Sciences Kisii University Library Kisii University Library On Display 03/31/2026 112748   R 119 .H69 2021 A000060 03/31/2026 C.1 03/31/2026 Long Loan Book
    Library of Congress Classification     Arts & Social Sciences Kisii University Library Kisii University Library On Display 03/31/2026 112882   R 119 .H69 2021 A000061 03/31/2026 C.2 03/31/2026 Long Loan Book
    Library of Congress Classification     Arts & Social Sciences Kisii University Library Kisii University Library On Display 03/31/2026 112883   R 119 .H69 2021 A000062 03/31/2026 C.3 03/31/2026 Long Loan Book
    Library of Congress Classification     Arts & Social Sciences Kisii University Library Kisii University Library On Display 03/31/2026 112884   R 119 .H69 2021 A000063 03/31/2026 C.4 03/31/2026 Long Loan Book